| 000 | 00364 a2200157 4500 | ||
|---|---|---|---|
| 001 | 195200 | ||
| 020 | _a978-85-16-09110-1 | ||
| 040 | _cMagnum | ||
| 100 | _aJuenesse, Hachette | ||
| 240 | 1 | 0 |
_aHello Kitty quer um abraço _lpor |
| 245 | 1 | 0 | _aHello Kitty quer um abraço |
| 362 | 0 | _a2013 | |
| 440 | 1 | _aSalamandra | |
| 697 | _aLITERATURA INFANTIL | ||
| 942 | _cBK | ||
| 999 |
_c195200 _d195200 |
||